Gérôme

Saved in:
Bibliographic Details
Main Author: Keim, Albert, 1876-1947
Other Authors: Cooper, Frederic Taber, 1864-1937 (Translator), Roujon, M. Henry (Editor)
Format: Electronic eBook
Language:English
Published: Project Gutenberg, 2013
Series:Project Gutenberg 44340
Online Access:http://www.gutenberg.org/etext/44340
Rights
Tags: Add Tag
No Tags, Be the first to tag this record!
Call Number :

MARC

LEADER 00000cam a22000003a 4500
001 74710
003 MY-KLNDU
005 20241219034341.0
008 210403s2013||||xxu|||||s|||||000 | eng d
035 |a (PGUSA)44340 
039 9 |a 202104051318  |b VLOAD  |y 202104030044  |z VLOAD 
040 |a PGUSA  |b eng 
042 |a dc 
100 1 |a Keim, Albert, 1876-1947 
245 1 0 |a Gérôme  |h [electronic resource] /  |c by Albert, 1876-1947 Keim; translated by Frederic Taber, 1864-1937 Cooper; edited by M. Henry Roujon 
260 |b Project Gutenberg,  |c 2013 
500 |a Project Gutenberg 
506 |a Freely available. 
516 |a Electronic text 
599 |a Dummy Record 
700 1 |a Cooper, Frederic Taber, 1864-1937,  |e Translator 
700 1 |a Roujon, M. Henry,  |e Editor 
830 0 |a Project Gutenberg  |v 44340 
856 4 0 |u http://www.gutenberg.org/etext/44340 
856 4 2 |u http://www.gutenberg.org/license  |3 Rights 
999 |a vtls000086775  |c 74710  |d 74710